Central Library OPAC University of Rajshahi

নিঃসঙ্গ / (Record no. 48937)

MARC details
000 -LEADER
fixed length control field 01097nam a2200277 a 4500
001 - CONTROL NUMBER
control field 48937
003 - CONTROL NUMBER IDENTIFIER
rucl marc code BD-RjUL
005 - DATE AND TIME OF LATEST TRANSACTION
control field 20211209054618.0
008 - FIXED-LENGTH DATA ELEMENTS--GENERAL INFORMATION
fixed length control field 160817s1979 bg ||||| |||| 00| f ben d
020 ## - INTERNATIONAL STANDARD BOOK NUMBER
Terms of availability : Tk. 25.00
035 ## - SYSTEM CONTROL NUMBER
System control number (BD-RjUL)49056
040 ## - CATALOGING SOURCE
Original cataloging agency BD-RjUL
Language of cataloging ben
Transcribing agency BD-RjUL
041 ## - LANGUAGE CODE
Language code of text/sound track or separate title ben
082 ## - DEWEY DECIMAL CLASSIFICATION NUMBER
Edition number 23
Classification number 896.3
Author mark and year AMN 1979
100 1# - MAIN ENTRY--PERSONAL NAME
Personal name আমাদি, এলেচি
9 (RLIN) 147382
245 10 - TITLE STATEMENT
Title নিঃসঙ্গ /
Statement of responsibility, etc. এলেচি আমাদি ; মোবারক হোসেন খান অনূদিত
260 ## - PUBLICATION, DISTRIBUTION, ETC. (IMPRINT)
Place of publication, distribution, etc. ঢাকা :
Name of publisher, distributor, etc. বাংলা একাডেমী,
Date of publication, distribution, etc. ১৯৭৯
300 ## - PHYSICAL DESCRIPTION
Pagination [৮], ৩০৬ পৃ. ;
Size ২১ সেমি.
490 ## - SERIES STATEMENT
Series statement বাএ ;
Volume/sequential designation ১০০১
500 ## - GENERAL NOTE
General note "মূল উপন্যাসের নাম: দি কনকুবাইন"
650 ## - SUBJECT ADDED ENTRY--TOPICAL TERM
Topical term or geographic name as entry element আফ্রিকান উপন্যাস
9 (RLIN) 147383
Topical term or geographic name as entry element Arfican Fiction
9 (RLIN) 147384
700 ## - ADDED ENTRY--PERSONAL NAME
Personal name খান, মোবারক হোসেন, অনুবাদক
830 ## - SERIES ADDED ENTRY--UNIFORM TITLE
Uniform title বাএ ;
Volume number/sequential designation ১০০১
942 ## - ADDED ENTRY ELEMENTS (KOHA)
Source of classification or shelving scheme Dewey Decimal Classification
Koha item type Books
Holdings
Lost status Source of classification or shelving scheme Damaged status Not for loan Collection code Permanent Location Current Location Shelving location Date acquired Source of acquisition Cost, normal purchase price Total Checkouts Full call number Date last seen Copy number Koha item type
  Dewey Decimal Classification     Fiction Central Library, University of Rajshahi Central Library, University of Rajshahi   26/06/1990 Bangla Academy, Dhaka 25.00   B 896.3 AMN 1979 17/08/2016 C-2 Books
  Dewey Decimal Classification   Not For Loan Fiction Central Library, University of Rajshahi Central Library, University of Rajshahi Reading Room 24/02/2020       B 896.3 AMN 1979 24/02/2020 C-1 Books